CÁTALOGO MUNICIPAL







Recuerdos, paisajes y estampas iqueñas / (Registro nro. 5161)

Detalles MARC
000 -Cabecera (24)
Campo de control interno 00756nam a2200205Ia 4500
005 - Fecha y hora de la
Campo de control 20250520132931.0
008 - Códigos de longitud fija (40p)
Campo de control de longitud fija 210122b ###||||| |||| 00| 0 spa d
017 ## - DEPOSITO LEGAL (PERÚ)
Número Depósito Legal 96-00986
040 ## - Origen de la Catalogacion
Origen de la Catalogacion BIBLIOTECA MUNICIPAL DE BARRANCO
Transcribing agency BIBLIOTECA MUNICIPAL DE BARRANCO
043 ## - Pais ISO
País ISO Pe.
082 ## - Número de la Clasificación
Número de la Clasificación 985.32
Número de documento/Ítem G18R 1996.
100 ## - Autor Personal
Autor Personal Galindo Rojas Juan Luis
245 #0 - Titulo
Titulo Recuerdos, paisajes y estampas iqueñas /
Mencion del autor Juan Luis Galindo Rojas.;
260 ## - Pie de imprenta
Ciudad Ica :
Editorial [s.n.],
Año 1996.
300 ## - Descripcion
Páginas 55 p. :
Otros detalles físicos il. ;
Dimensiones 20 cm.
520 ## - Resumen
Resumen Relato sobre las costumbres, los paisajes y la religiosidad iqueña.
651 #0 - Nombre geográfico (R)
9 (RLIN) 7395
Nombre geográfico (NR) Ica, Ica (Perú : Distrito)-Vida y costumbres sociales.
942 ## - Datos personalizados Koha
Tipo de Documento Libros
Esquema de Clasificacion Dewey Decimal Classification
Catalogador AAOH
Fecha procesamiento 2025-05-20
Existencias
Fuente de Clasificacion Deterioro (estado) Ubicacion permanente Ubicacion actual Fecha de Ingreso a la Biblioteca Numero inventario Prestamos Signatura Topográfica Código de barras Ultima fecha de verificacion Tipo de Item Ubicación en edificio Precio dolares
Dewey Decimal Classification   Biblioteca Municipal Manuel Beingolea Biblioteca Municipal Manuel Beingolea 01/08/2020 005132   985.32 G18R 1996 005132 09/09/2022 Libros Estantería cerrada  

  

  GERENCIA DE CULTURA Y TURISMO

  Biblioteca Municipal de Barranco

  Auspiciado por la Municipalidad Distrial de Barranco

  Horario de atención: De lunes a sábado de 8:00 am a 5:00 pm.

  Correo electrónico: biblioteca@munibarranco.gob.pe

  Teléfono :203-6730, anexo 303


Ubicación